00723cam a2200217 a 450000100060000000300080000600500170001400800410003102000150007203500190008704000320010604100080013808200270014624500970017326000370027030000380030750400390034565000740038470000190045870000280047716243BD-RjUL20211209000001.0140213s1984 nyua b 001 0 eng d a0070625786 a(BD-RjUL)16298 aDLCcDLCdDLCdBD-RjULbeng aeng00a658.1599219bHAN 198400aHandbook of international financial management /cedited by Allen Sweeny and Robert Rachlin. aNew York :bMcGraw-Hill,cc1984. aviii, (various pagings) :c23 cm. aIncludes bibliographies and index. 0aInternational business enterprisesxFinancexHandbooks, manuals, etc.1 aSweeny, Allen.1 aRachlin, Robert,d1937-